000 00810nam a2200193Ia 4500
003 GCL
008 140319s9999 xx 000 0 ara d
020 _a113322977
040 _aGCL /
_cGCL
082 0 4 _aق
_b953.073
_bق ا
100 1 _aقاسم عبده قاسم
245 1 0 _aاهل الذمة فى مصر من الفتح الاسلامى حتى نهاية المماليك /
_cقاسم عبده قاسم
260 _aالقاهرة :
_bعين للدراسات والبحوث الانسانية والاجتماعية ،
_c2003
300 _a218 ص ؛
_c24 سم
650 0 4 _aمصر - تاريخ - عصر المماليك ( 1250-1517 م )
650 0 4 _aمصر - تاريخ - عصر صدر الاسلام
650 0 4 _aاهل الذمة - تاريخ - العصر الاسلامى
942 _2ddc
_cBK
999 _c44753
_d44753